| 000 | 004390000a22001690004500 | ||
|---|---|---|---|
| 041 | 0 | _aSPA | |
| 082 | 0 | 4 | _aG 266 G6431i |
| 100 | 1 | _aGonzález, Justo Luis | |
| 245 | 1 | 0 | _aHistoria de las misiones / Justo L. Gonzáles |
| 260 | _aBuenos Aires, Argentina : La Aurora | ||
| 300 | _a477 Pag | ||
| 001 | 7222 | ||
| 942 | _cBK | ||
| 999 |
_c37442 _d37442 |
||
| 336 |
_atexto _btxt _2rdacontent |
||
| 337 |
_2rdamedia _asin mediación _bn |
||
| 338 |
_2rdacarrier _avolumen _bnc |
||